[Event "20MCR_F"]
[Site "?"]
[Date "????.??.??"]
[Round "?"]
[White "Zahour, Jiri"]
[Black "Valak, Alois"]
[Result "1/2-1/2"]
[WhiteElo "2310"]
[BlackElo "2372"]
[PlyCount "50"]
[EventDate "2008.??.??"]
[EventType "corr"]
[SourceDate "2008.05.08"]

1. e4 c5 2. Nf3 d6 3. d4 cxd4 4. Nxd4 Nf6 5. Nc3 a6 6. Bc4 g6 7. f3 Bg7 8. Be3
O-O 9. Qd2 Nc6 10. O-O-O Bd7 11. h4 Rc8 12. Bb3 h5 13. Nxc6 Bxc6 14. Kb1 b5 15.
g4 a5 16. gxh5 Nxh5 17. a3 b4 18. axb4 axb4 19. Na2 Ra8 20. Nxb4 Qa5 21. c3 Ba4
22. Qc2 Bb5 23. Qd2 Ba4 24. Qc2 Bb5 25. Qd2 Ba4 1/2-1/2

[Event "20MCR_F"]
[Site "?"]
[Date "????.??.??"]
[Round "?"]
[White "Nejtek, Jiri"]
[Black "Boukal, Petr"]
[Result "1/2-1/2"]
[WhiteElo "2374"]
[BlackElo "2416"]
[PlyCount "26"]
[EventDate "2008.??.??"]
[EventType "corr"]
[SourceDate "2008.05.08"]

1. e4 e6 2. d4 d5 3. Nc3 Bb4 4. Nge2 dxe4 5. a3 Bxc3+ 6. Nxc3 Nc6 7. Bf4 Nf6 8.
Bb5 Nd5 9. Qd2 Nxf4 10. Qxf4 f5 11. d5 exd5 12. O-O-O Qd6 13. Qxd6 f4 1/2-1/2

[Event "20MCR_F"]
[Site "?"]
[Date "????.??.??"]
[Round "?"]
[White "Sykora, Josef"]
[Black "Popelka, Miloslav"]
[Result "1/2-1/2"]
[WhiteElo "2352"]
[BlackElo "2161"]
[PlyCount "39"]
[EventDate "2008.??.??"]
[EventType "corr"]
[SourceDate "2008.05.08"]

1. e4 c5 2. b3 d6 3. Bb2 Nf6 4. Nc3 Nc6 5. Bb5 Bd7 6. f4 a6 7. Bxc6 Bxc6 8. Qe2
e6 9. Nf3 Be7 10. O-O O-O 11. d3 b5 12. Rae1 Qb6 13. Kh1 b4 14. Nb1 a5 15. a4
bxa3 16. Nxa3 a4 17. Nc4 Qc7 18. bxa4 Rxa4 19. e5 Ne8 20. exd6 1/2-1/2

[Event "20MCR_F"]
[Site "?"]
[Date "????.??.??"]
[Round "?"]
[White "Nejtek, Jiri"]
[Black "Sykora, Josef"]
[Result "1/2-1/2"]
[WhiteElo "2374"]
[BlackElo "2352"]
[PlyCount "36"]
[EventDate "2008.??.??"]
[EventType "corr"]
[SourceDate "2008.05.08"]

1. e4 c5 2. c3 Nf6 3. e5 Nd5 4. d4 cxd4 5. Nf3 Nc6 6. cxd4 d6 7. Bc4 Nb6 8. Bb5
Bd7 9. Nc3 dxe5 10. dxe5 g6 11. O-O Bg7 12. Qe2 O-O 13. Rd1 Qc7 14. a4 a5 15.
h3 Be6 16. Bf4 Rad8 17. Qe4 h6 18. Bg3 Rxd1+ 1/2-1/2

[Event "20MCR_F"]
[Site "?"]
[Date "????.??.??"]
[Round "?"]
[White "Zahour, Jiri"]
[Black "Sykora, Josef"]
[Result "1-0"]
[WhiteElo "2310"]
[BlackElo "2352"]
[PlyCount "47"]
[EventDate "2008.??.??"]
[EventType "corr"]
[SourceDate "2008.05.08"]

1. e4 c5 2. Nf3 e6 3. d4 cxd4 4. Nxd4 a6 5. Bd3 Bc5 6. Nb3 Be7 7. Qg4 g6 8. Qe2
d6 9. O-O Nd7 10. Na3 Qc7 11. Nc4 b6 12. a4 Bb7 13. Rd1 Ngf6 14. Bh6 Rg8 15. a5
b5 16. Nb6 Rd8 17. c4 bxc4 18. Bxc4 g5 19. Bxa6 Rg6 20. Bb5 Rxh6 21. e5 Kf8 22.
exf6 Ne5 23. Rdc1 Qb8 24. fxe7+ 1-0

[Event "20MCR_F"]
[Site "?"]
[Date "????.??.??"]
[Round "?"]
[White "Zahour, Jiri"]
[Black "Kuta, Jiri"]
[Result "1/2-1/2"]
[WhiteElo "2310"]
[BlackElo "2360"]
[PlyCount "50"]
[EventDate "2008.??.??"]
[EventType "corr"]
[SourceDate "2008.05.08"]

1. e4 e5 2. Nf3 Nc6 3. d4 exd4 4. Nxd4 Bc5 5. Nxc6 Qf6 6. Qf3 bxc6 7. Nd2 a5 8.
Bd3 d6 9. O-O Qxf3 10. Nxf3 f6 11. Bd2 Ne7 12. c3 Bb6 13. Nd4 Ba6 14. Bxa6 Rxa6
15. b3 Kf7 16. Rad1 Re8 17. Rfe1 Raa8 18. a4 Rab8 19. Rb1 g5 20. Kf1 h5 21. f3
h4 22. Re2 Red8 23. Nf5 Ng6 24. Nd4 Ne7 25. Nf5 Ng6 1/2-1/2

[Event "20MCR_F"]
[Site "?"]
[Date "????.??.??"]
[Round "?"]
[White "Pravec, Ladislav"]
[Black "Zahour, Jiri"]
[Result "1/2-1/2"]
[WhiteElo "2363"]
[BlackElo "2310"]
[PlyCount "70"]
[EventDate "2008.??.??"]
[EventType "corr"]
[SourceDate "2008.05.08"]

1. d4 d5 2. c4 c6 3. Nf3 Nf6 4. Nc3 e6 5. e3 Nbd7 6. Bd3 dxc4 7. Bxc4 b5 8. Bd3
Bd6 9. O-O Bb7 10. Qe2 O-O 11. Rd1 b4 12. Na4 Qa5 13. b3 c5 14. dxc5 Bxf3 15.
Qxf3 Be5 16. Bb2 Bxb2 17. Nxb2 Nxc5 18. Nc4 Qc7 19. Bc2 Nd5 20. Rd4 f5 21. Qg3
Rac8 22. Qxc7 Rxc7 23. g3 g6 24. Kg2 Rd8 25. Bd1 Ne4 26. Bf3 Nec3 27. h3 Kf7
28. a3 bxa3 29. Bxd5 exd5 30. Nxa3 Rb8 31. Nb1 Ne4 32. Nd2 Ke6 33. Ra5 Rd7 34.
Ra3 Rc7 35. Ra5 Rd7 1/2-1/2

[Event "20MCR_F"]
[Site "?"]
[Date "????.??.??"]
[Round "?"]
[White "Valak, Alois"]
[Black "Pravec, Ladislav"]
[Result "1/2-1/2"]
[WhiteElo "2372"]
[BlackElo "2363"]
[PlyCount "53"]
[EventDate "2008.??.??"]
[EventType "corr"]
[SourceDate "2008.05.08"]

1. e4 c5 2. Nf3 d6 3. d4 cxd4 4. Nxd4 Nf6 5. Nc3 a6 6. Be2 e5 7. Nb3 Be7 8. O-O
O-O 9. Qd3 Nbd7 10. a4 b6 11. Qg3 Kh8 12. Rd1 Bb7 13. f3 Qc7 14. Qh4 Rfe8 15.
Qf2 Kg8 16. Be3 h6 17. Bf1 Rec8 18. Ra2 Bc6 19. Qe1 b5 20. axb5 axb5 21. Raa1
b4 22. Nb5 Bxb5 23. Bxb5 Qxc2 24. Na5 Qxb2 25. Nc6 Bf8 26. Rac1 b3 27. Rb1
1/2-1/2

[Event "20MCR_F"]
[Site "?"]
[Date "????.??.??"]
[Round "?"]
[White "Laurenc, Petr"]
[Black "Storkan, Zdenek"]
[Result "1/2-1/2"]
[WhiteElo "2414"]
[BlackElo "2311"]
[PlyCount "52"]
[EventDate "2008.??.??"]
[EventType "corr"]
[SourceDate "2008.05.08"]

1. d4 Nf6 2. c4 g6 3. Nc3 d5 4. Nf3 Bg7 5. Qb3 dxc4 6. Qxc4 O-O 7. e4 Na6 8.
Be2 c5 9. d5 e6 10. O-O exd5 11. exd5 Bf5 12. Bf4 Re8 13. Rad1 Ne4 14. Nb5 Qf6
15. Bd3 Bg4 16. Be5 Rxe5 17. Nxe5 Bxd1 18. Bxe4 Be2 19. Qxe2 Qxe5 20. b3 Re8
21. Re1 Nc7 22. Nxc7 Qxc7 23. Qd3 a6 24. Re3 Bd4 25. Re2 b5 26. g3 f5 1/2-1/2

[Event "20MCR_F"]
[Site "?"]
[Date "????.??.??"]
[Round "?"]
[White "Mateka, Petr"]
[Black "Sykora, Josef"]
[Result "1-0"]
[WhiteElo "2330"]
[BlackElo "2352"]
[PlyCount "43"]
[EventDate "2008.??.??"]
[EventType "corr"]
[SourceDate "2008.05.08"]

1. e4 c5 2. Nf3 e6 3. d4 cxd4 4. Nxd4 a6 5. Nc3 Qc7 6. Be2 b5 7. O-O b4 8. Na4
Bb7 9. c3 Nf6 10. e5 Nd5 11. c4 Nb6 12. Nxb6 Qxb6 13. Bf4 Nc6 14. Nxc6 Bxc6 15.
Qd3 Bc5 16. Rad1 O-O 17. Qg3 g6 18. Bg5 Rfe8 19. Rd3 Qc7 20. Bf6 Be7 21. Qf4
Qd8 22. Rh3 1-0

[Event "20MCR_F"]
[Site "?"]
[Date "????.??.??"]
[Round "?"]
[White "Sykora, Josef"]
[Black "Nedoma, Petr"]
[Result "1/2-1/2"]
[WhiteElo "2352"]
[BlackElo "2323"]
[PlyCount "51"]
[EventDate "2008.??.??"]
[EventType "corr"]
[SourceDate "2008.05.08"]

1. e4 e5 2. Nf3 d6 3. d4 exd4 4. Nxd4 a6 5. Bc4 Nf6 6. Nc3 Be7 7. O-O O-O 8. a4
Nxe4 9. Nxe4 d5 10. Bd3 dxe4 11. Bxe4 Nd7 12. c3 Nf6 13. Bc2 Re8 14. h3 h6 15.
Re1 Bd6 16. Be3 c5 17. Nf5 Bxf5 18. Bxf5 Nd5 19. Qf3 Nxe3 20. Rxe3 Rxe3 21.
Qxe3 Rb8 22. Be4 Qe7 23. Re1 b5 24. axb5 axb5 25. g3 Qf6 26. Bd5 1/2-1/2

[Event "20MCR_F"]
[Site "?"]
[Date "????.??.??"]
[Round "?"]
[White "Pravec, Ladislav"]
[Black "Sykora, Josef"]
[Result "1/2-1/2"]
[WhiteElo "2363"]
[BlackElo "2352"]
[PlyCount "64"]
[EventDate "2008.??.??"]
[EventType "corr"]
[SourceDate "2008.05.08"]

1. d4 Nf6 2. c4 g6 3. Nc3 Bg7 4. e4 d6 5. Be2 O-O 6. Nf3 e5 7. O-O Nc6 8. d5
Ne7 9. Ne1 Nd7 10. f3 f5 11. Be3 f4 12. Bf2 g5 13. Rc1 Ng6 14. c5 Nxc5 15. b4
Na6 16. Nd3 h5 17. Nb5 Bd7 18. a4 Bh6 19. Rc3 Rf7 20. Kh1 Rg7 21. Rg1 Nf8 22.
Qc2 g4 23. Rc1 Qg5 24. Bf1 h4 25. h3 gxf3 26. gxf3 Nh7 27. Nxc7 Nxc7 28. Rxc7
b6 29. Ne1 Nf6 30. Kh2 Ne8 31. Rb7 Rc8 32. Bc4 Qd8 1/2-1/2

[Event "20MCR_F"]
[Site "?"]
[Date "????.??.??"]
[Round "?"]
[White "Sykora, Josef"]
[Black "Hladecek, Miloslav"]
[Result "1/2-1/2"]
[WhiteElo "2352"]
[BlackElo "2342"]
[PlyCount "59"]
[EventDate "2008.??.??"]
[EventType "corr"]
[SourceDate "2008.05.08"]

1. e4 e5 2. Nf3 Nc6 3. Bb5 a6 4. Ba4 Nf6 5. O-O Be7 6. Re1 b5 7. Bb3 O-O 8. c3
d6 9. h3 Na5 10. Bc2 c5 11. d4 cxd4 12. cxd4 Bb7 13. Nbd2 Rc8 14. d5 Nd7 15.
Nf1 f5 16. exf5 Nc4 17. Ne3 Ndb6 18. Be4 Na4 19. b3 Nc3 20. Qd3 Nxe4 21. Qxe4
Nxe3 22. Bxe3 Qe8 23. g4 Rc3 24. Rad1 Qf7 25. Bg5 Rfc8 26. Bxe7 Qxe7 27. Re3
Rc1 28. Red3 Rxd1+ 29. Rxd1 Rc3 30. Kg2 1/2-1/2

[Event "20MCR_F"]
[Site "?"]
[Date "????.??.??"]
[Round "?"]
[White "Pravec, Ladislav"]
[Black "Mateka, Petr"]
[Result "1/2-1/2"]
[WhiteElo "2363"]
[BlackElo "2330"]
[PlyCount "55"]
[EventDate "2008.??.??"]
[EventType "corr"]
[SourceDate "2008.05.08"]

1. d4 Nf6 2. c4 e6 3. Nf3 d5 4. Nc3 Be7 5. Bf4 O-O 6. e3 c5 7. dxc5 Bxc5 8. Qc2
Nc6 9. a3 Qa5 10. Rd1 Be7 11. Be2 dxc4 12. Bxc4 e5 13. Bg3 Bg4 14. Be2 e4 15.
Nd4 Nxd4 16. Rxd4 Bxe2 17. Qxe2 Qf5 18. O-O Rac8 19. Rfd1 a6 20. Nd5 Rfe8 21.
Nxe7+ Rxe7 22. h3 h6 23. Qd2 Re6 24. Rd8+ Re8 25. Rxe8+ Nxe8 26. Qd7 Qxd7 27.
Rxd7 b5 28. Kh2 1/2-1/2

[Event "20MCR_F"]
[Site "?"]
[Date "????.??.??"]
[Round "?"]
[White "Storkan, Zdenek"]
[Black "Zahour, Jiri"]
[Result "0-1"]
[WhiteElo "2311"]
[BlackElo "2310"]
[PlyCount "72"]
[EventDate "2008.??.??"]
[EventType "corr"]
[SourceDate "2008.05.08"]

1. c4 e5 2. g3 Nf6 3. Bg2 c6 4. Nc3 d5 5. d4 exd4 6. Qxd4 Be6 7. cxd5 cxd5 8.
Nf3 Nc6 9. Qa4 Bc5 10. O-O O-O 11. Qb5 Qb6 12. Qxb6 axb6 13. e3 Ne4 14. Nb5 Nb4
15. a3 Nc2 16. Rb1 Rfc8 17. Nbd4 Nxd4 18. Nxd4 Bd7 19. Rd1 Rd8 20. Ra1 g6 21.
b3 Nc3 22. Rd2 Bxd4 23. exd4 Rac8 24. Rb2 Re8 25. Be3 h5 26. h3 Bf5 27. Kh2 Be4
28. Bf1 Bf3 29. Bg2 Bxg2 30. Kxg2 Nb5 31. a4 Nd6 32. Rc1 Rxc1 33. Bxc1 Nf5 34.
Rd2 g5 35. Kf1 Rc8 36. Re2 Rxc1+ 0-1

[Event "20MCR_F"]
[Site "?"]
[Date "????.??.??"]
[Round "?"]
[White "Nejtek, Jiri"]
[Black "Kuta, Jiri"]
[Result "1/2-1/2"]
[WhiteElo "2374"]
[BlackElo "2360"]
[PlyCount "51"]
[EventDate "2008.??.??"]
[EventType "corr"]
[SourceDate "2008.05.08"]

1. e4 e5 2. Nf3 Nc6 3. Bb5 Nf6 4. O-O Nxe4 5. d4 Nd6 6. Bxc6 dxc6 7. dxe5 Nf5
8. Qxd8+ Kxd8 9. Nc3 Bd7 10. h3 Kc8 11. g4 Ne7 12. Ng5 Be8 13. f4 Nd5 14. Nce4
h6 15. Nf3 c5 16. c4 Nb4 17. Nc3 Bc6 18. Ne1 h5 19. a3 hxg4 20. hxg4 Nc2 21.
Nxc2 Rh1+ 22. Kf2 Rh2+ 23. Ke3 Rxc2 24. Rf2 Rxf2 25. Kxf2 a6 26. a4 1/2-1/2

[Event "20MCR_F"]
[Site "?"]
[Date "????.??.??"]
[Round "?"]
[White "Pravec, Ladislav"]
[Black "Nejtek, Jiri"]
[Result "1/2-1/2"]
[WhiteElo "2363"]
[BlackElo "2374"]
[PlyCount "44"]
[EventDate "2008.??.??"]
[EventType "corr"]
[SourceDate "2008.05.08"]

1. d4 Nf6 2. c4 g6 3. Nc3 Bg7 4. e4 d6 5. Be2 O-O 6. Nf3 e5 7. O-O Nc6 8. d5
Ne7 9. Ne1 Nd7 10. f3 f5 11. Be3 f4 12. Bf2 g5 13. a4 a5 14. Nd3 b6 15. b4 axb4
16. Nxb4 Nf6 17. Nd3 h5 18. Nb5 g4 19. Kh1 Ng6 20. Be1 Bd7 21. Qc1 h4 22. a5
bxa5 1/2-1/2

[Event "20MCR_F"]
[Site "?"]
[Date "????.??.??"]
[Round "?"]
[White "Storkan, Zdenek"]
[Black "Pravec, Ladislav"]
[Result "1/2-1/2"]
[WhiteElo "2311"]
[BlackElo "2363"]
[PlyCount "43"]
[EventDate "2008.??.??"]
[EventType "corr"]
[SourceDate "2008.05.08"]

1. c4 Nf6 2. g3 e6 3. Bg2 d5 4. Nf3 Be7 5. O-O O-O 6. d4 dxc4 7. Qc2 a6 8. a4
Bd7 9. Ne5 Bc6 10. Nxc6 Nxc6 11. e3 Na5 12. Nd2 c5 13. dxc5 Rc8 14. b4 cxb3 15.
Nxb3 Nxb3 16. Qxb3 Nd7 17. Ba3 Nxc5 18. Bxc5 Bxc5 19. Qxb7 a5 20. Rfd1 Qf6 21.
Rac1 Rb8 22. Qf3 1/2-1/2

[Event "20MCR_F"]
[Site "?"]
[Date "????.??.??"]
[Round "?"]
[White "Nejtek, Jiri"]
[Black "Valak, Alois"]
[Result "1/2-1/2"]
[WhiteElo "2374"]
[BlackElo "2372"]
[PlyCount "45"]
[EventDate "2008.??.??"]
[EventType "corr"]
[SourceDate "2008.05.08"]

1. e4 e5 2. Nf3 Nc6 3. Bb5 a6 4. Ba4 Nf6 5. O-O Be7 6. Re1 b5 7. Bb3 d6 8. c3
O-O 9. h3 Na5 10. Bc2 c5 11. d4 Qc7 12. Nbd2 cxd4 13. cxd4 Nc6 14. a3 Bd7 15.
d5 Na5 16. Nf1 Rfc8 17. Bd3 g6 18. Ng3 Bd8 19. Re2 Qa7 20. Be3 Bb6 21. Bxb6
Qxb6 22. b4 Nb7 23. Ne1 1/2-1/2

[Event "20MCR_F"]
[Site "?"]
[Date "????.??.??"]
[Round "?"]
[White "Valak, Alois"]
[Black "Storkan, Zdenek"]
[Result "1/2-1/2"]
[WhiteElo "2372"]
[BlackElo "2311"]
[PlyCount "80"]
[EventDate "2008.??.??"]
[EventType "corr"]
[SourceDate "2008.05.08"]

1. e4 c5 2. Nf3 b6 3. Nc3 Bb7 4. d4 cxd4 5. Nxd4 a6 6. Be3 e6 7. Bd3 Qc7 8. f4
Nf6 9. O-O d6 10. f5 e5 11. Nb3 Nbd7 12. Qf3 Be7 13. a4 O-O 14. Rfe1 Rfd8 15.
Rab1 d5 16. Nxd5 Nxd5 17. exd5 Nf6 18. c4 b5 19. Rbc1 bxc4 20. Bxc4 Qb8 21. Na5
e4 22. Qf2 Bxd5 23. Bxd5 Rxd5 24. Nc6 Qd6 25. Bf4 Qd7 26. Nxe7+ Qxe7 27. Bg5
Re8 28. Qf4 Qb4 29. Bxf6 gxf6 30. Rc3 Qd4+ 31. Rce3 Kh8 32. h4 Qxb2 33. Rxe4
Rg8 34. R4e2 Qd4+ 35. Qxd4 Rxd4 36. Re7 Kg7 37. R7e4 Rgd8 38. Kf2 R8d5 39. g4
h5 40. Kf3 Kh6 1/2-1/2

[Event "20MCR_F"]
[Site "?"]
[Date "????.??.??"]
[Round "?"]
[White "Hybl, Vladislav"]
[Black "Kuta, Jiri"]
[Result "1/2-1/2"]
[WhiteElo "2315"]
[BlackElo "2360"]
[PlyCount "59"]
[EventDate "2008.??.??"]
[EventType "corr"]
[SourceDate "2008.05.08"]

1. e4 e5 2. Nf3 Nc6 3. Bb5 a6 4. Ba4 Nf6 5. O-O Be7 6. Re1 b5 7. Bb3 O-O 8. c3
d5 9. exd5 Nxd5 10. Nxe5 Nxe5 11. Rxe5 c6 12. d4 Bd6 13. Re1 Qh4 14. g3 Qh3 15.
Qe2 Bg4 16. Qf1 Qh5 17. Nd2 Rae8 18. Rxe8 Rxe8 19. f3 Bh3 20. Qf2 Bf5 21. a4
Bd3 22. Ne4 f5 23. Nxd6 Re2 24. h4 Rxf2 25. Kxf2 bxa4 26. Bxd5+ cxd5 27. Bf4 h6
28. Re1 Kh7 29. Re7 Be4 30. g4 1/2-1/2

[Event "20MCR_F"]
[Site "?"]
[Date "????.??.??"]
[Round "?"]
[White "Sykora, Josef"]
[Black "Valak, Alois"]
[Result "1/2-1/2"]
[WhiteElo "2352"]
[BlackElo "2372"]
[PlyCount "81"]
[EventDate "2008.??.??"]
[EventType "corr"]
[SourceDate "2008.05.08"]

1. e4 e5 2. Nf3 Nc6 3. Bb5 a6 4. Ba4 Nf6 5. O-O Be7 6. Re1 b5 7. Bb3 d6 8. c3
O-O 9. h3 Na5 10. Bc2 c5 11. d4 Qc7 12. Nbd2 cxd4 13. cxd4 Bb7 14. d5 Rac8 15.
Bd3 Nd7 16. Nf1 f5 17. exf5 Nc4 18. Bxc4 bxc4 19. Ne3 Qc5 20. b4 Qa7 21. a4 Rf7
22. Ra3 Qa8 23. b5 Rc5 24. Bd2 Rxd5 25. bxa6 Bxa6 26. Nxd5 Qxd5 27. Bg5 Qxd1
28. Rxd1 Bf8 29. g4 g6 30. fxg6 hxg6 31. Nh4 d5 32. Raa1 d4 33. Nxg6 Bc5 34.
Nh4 Rg7 35. Bh6 Rh7 36. Nf5 c3 37. Kg2 d3 38. Rdc1 c2 39. Be3 Bb4 40. Ra2 Nf6
41. Rcxc2 1/2-1/2

[Event "20MCR_F"]
[Site "?"]
[Date "????.??.??"]
[Round "?"]
[White "Popelka, Miloslav"]
[Black "Nejtek, Jiri"]
[Result "1/2-1/2"]
[WhiteElo "2161"]
[BlackElo "2374"]
[PlyCount "52"]
[EventDate "2008.??.??"]
[EventType "corr"]
[SourceDate "2008.05.08"]

1. e4 e5 2. Nf3 Nc6 3. Bb5 Nf6 4. O-O Nxe4 5. d4 Nd6 6. Bxc6 dxc6 7. dxe5 Nf5
8. Qxd8+ Kxd8 9. Nc3 Ne7 10. h3 h6 11. Bf4 Ng6 12. Rad1+ Ke8 13. Bg3 Bb4 14.
Ne2 Bd7 15. a3 Be7 16. Rd2 Rd8 17. Rfd1 h5 18. Ned4 h4 19. e6 hxg3 20. exd7+
Rxd7 21. fxg3 Rh5 22. Kf2 Ne5 23. g4 Nxf3 24. gxh5 Nxd2 25. Rxd2 Rd5 26. g4 Bf6
1/2-1/2

[Event "20MCR_F"]
[Site "?"]
[Date "????.??.??"]
[Round "?"]
[White "Hladecek, Miloslav"]
[Black "Nejtek, Jiri"]
[Result "1/2-1/2"]
[WhiteElo "2342"]
[BlackElo "2374"]
[PlyCount "43"]
[EventDate "2008.??.??"]
[EventType "corr"]
[SourceDate "2008.05.08"]

1. e4 e5 2. Nf3 Nc6 3. Bb5 Nf6 4. O-O Nxe4 5. d4 Nd6 6. Bxc6 dxc6 7. dxe5 Nf5
8. Qxd8+ Kxd8 9. Rd1+ Ke8 10. Nc3 Ne7 11. Ne4 Ng6 12. Re1 h6 13. h3 c5 14. h4
b6 15. a4 Bg4 16. Nh2 Be6 17. h5 Ne7 18. a5 Rd8 19. axb6 axb6 20. f4 Nc6 21. c3
Be7 22. Nf1 1/2-1/2

[Event "20MCR_F"]
[Site "?"]
[Date "????.??.??"]
[Round "?"]
[White "Kuta, Jiri"]
[Black "Popelka, Miloslav"]
[Result "1/2-1/2"]
[WhiteElo "2360"]
[BlackElo "2161"]
[PlyCount "64"]
[EventDate "2008.??.??"]
[EventType "corr"]
[SourceDate "2008.05.08"]

1. e4 c5 2. Nf3 d6 3. d4 cxd4 4. Nxd4 Nf6 5. Nc3 a6 6. Be3 Ng4 7. Bg5 h6 8. Bh4
g5 9. Bg3 Bg7 10. h3 Nf6 11. Qe2 Nc6 12. Nxc6 bxc6 13. e5 dxe5 14. Bxe5 O-O 15.
g3 Bf5 16. Bg2 Qd7 17. g4 Bg6 18. O-O Rfd8 19. Rad1 Qb7 20. Rfe1 e6 21. b3 Rac8
22. Bf3 a5 23. Kg2 Re8 24. Bxf6 Bxf6 25. Ne4 Bxe4 26. Qxe4 Qc7 27. Re3 c5 28.
Red3 Red8 29. Rxd8+ Rxd8 30. Qc6 Qxc6 31. Rxd8+ Bxd8 32. Bxc6 Kf8 1/2-1/2

[Event "20MCR_F"]
[Site "?"]
[Date "????.??.??"]
[Round "?"]
[White "Popelka, Miloslav"]
[Black "Nedoma, Petr"]
[Result "1/2-1/2"]
[WhiteElo "2161"]
[BlackElo "2323"]
[PlyCount "63"]
[EventDate "2008.??.??"]
[EventType "corr"]
[SourceDate "2008.05.08"]

1. e4 e5 2. Nf3 d6 3. d4 exd4 4. Nxd4 a6 5. Nc3 Be7 6. Be2 Nf6 7. O-O O-O 8.
Bf4 Re8 9. Qd2 Bf8 10. f3 Nc6 11. Rad1 Nxd4 12. Qxd4 Be6 13. Qf2 c6 14. e5 Nd5
15. Nxd5 cxd5 16. exd6 Bxd6 17. Bxd6 Qxd6 18. c3 Bd7 19. Rd4 Qe6 20. Rd2 Bc6
21. Bd3 h6 22. Re2 Qd7 23. Rfe1 Bb5 24. Bxb5 Qxb5 25. h3 Rxe2 26. Qxe2 Qb6+ 27.
Qf2 Qc6 28. Qd4 Qb5 29. b3 Re8 30. Rxe8+ Qxe8 31. Kf2 Qe6 32. Qe3 1/2-1/2

[Event "20MCR_F"]
[Site "?"]
[Date "????.??.??"]
[Round "?"]
[White "Laurenc, Petr"]
[Black "Nedoma, Petr"]
[Result "1-0"]
[WhiteElo "2414"]
[BlackElo "2323"]
[PlyCount "61"]
[EventDate "2008.??.??"]
[EventType "corr"]
[SourceDate "2008.05.08"]

1. d4 Nf6 2. c4 e6 3. Nc3 d5 4. Nf3 c6 5. e3 Nbd7 6. Bd3 Bd6 7. O-O dxc4 8.
Bxc4 O-O 9. e4 e5 10. Bg5 Qe7 11. d5 h6 12. Bh4 Rd8 13. dxc6 bxc6 14. Qc2 Nc5
15. h3 Be6 16. Bxe6 Nxe6 17. Ne2 c5 18. b3 Nd4 19. Qd3 Qe6 20. Rac1 Be7 21. Rc4
a5 22. Rfc1 Nd7 23. Bxe7 Qxe7 24. Qe3 a4 25. Rxa4 Rxa4 26. bxa4 Rb8 27. Nc3 Rb2
28. Nd2 Qe6 29. Qd3 Qf6 30. a5 Qa6 31. Qxa6 1-0

[Event "20MCR_F"]
[Site "?"]
[Date "????.??.??"]
[Round "?"]
[White "Boukal, Petr"]
[Black "Valak, Alois"]
[Result "1/2-1/2"]
[WhiteElo "2466"]
[BlackElo "2372"]
[PlyCount "64"]
[EventDate "2008.??.??"]
[EventType "corr"]
[SourceDate "2008.05.08"]

1. e4 e5 2. Nf3 Nc6 3. Bb5 a6 4. Ba4 Nf6 5. O-O Be7 6. Bxc6 dxc6 7. d3 Qd6 8.
b3 Bg4 9. Bb2 Nd7 10. Nbd2 b5 11. h3 Bh5 12. Qe1 O-O 13. Qe3 Rfe8 14. Rfe1 c5
15. Nf1 Qf6 16. N3h2 a5 17. Ng3 Bg6 18. Ng4 Qe6 19. f4 exf4 20. Qxf4 Bd6 21.
Qf2 h5 22. Ne3 a4 23. Ne2 Be5 24. Bxe5 Qxe5 25. Qf4 f6 26. Qxe5 Nxe5 27. bxa4
Rxa4 28. Nc3 Ra5 29. a4 b4 30. Nb5 Rea8 31. Nxc7 R8a7 32. Nb5 Ra8 1/2-1/2

[Event "20MCR_F"]
[Site "?"]
[Date "????.??.??"]
[Round "?"]
[White "Alexa, Jaroslav"]
[Black "Boukal, Petr"]
[Result "1/2-1/2"]
[WhiteElo "2353"]
[BlackElo "2416"]
[PlyCount "81"]
[EventDate "2008.??.??"]
[EventType "corr"]
[SourceDate "2008.05.08"]

1. d4 Nf6 2. c4 g6 3. Nc3 Bg7 4. Nf3 O-O 5. g3 d6 6. Bg2 Nc6 7. O-O a6 8. d5
Na5 9. Nd2 c5 10. Qc2 Rb8 11. b3 b5 12. Bb2 e5 13. dxe6 fxe6 14. cxb5 axb5 15.
Nce4 Nxe4 16. Nxe4 Bxb2 17. Qxb2 Bb7 18. Rad1 Bxe4 19. Bxe4 d5 20. Bg2 Nc6 21.
e4 d4 22. Qc2 Qd6 23. Rc1 c4 24. bxc4 d3 25. Rfd1 Rfd8 26. Qc3 bxc4 27. Qxc4
Ne5 28. Qc5 Rb2 29. Qxd6 Rxd6 30. a4 Ng4 31. Rf1 Rc2 32. a5 Nxf2 33. a6 Rxc1
34. Rxc1 d2 35. Rc8+ Kg7 36. Bf3 Nh3+ 37. Kg2 Rxa6 38. Kxh3 Ra3 39. Bg4 h5 40.
Rd8 hxg4+ 41. Kxg4 1/2-1/2

[Event "20MCR_F"]
[Site "?"]
[Date "????.??.??"]
[Round "?"]
[White "Nedoma, Petr"]
[Black "Zahour, Jiri"]
[Result "0-1"]
[WhiteElo "2323"]
[BlackElo "2310"]
[PlyCount "94"]
[EventDate "2008.??.??"]
[EventType "corr"]
[SourceDate "2008.05.08"]

1. e4 c5 2. Nf3 Nc6 3. d4 cxd4 4. Nxd4 Nf6 5. Nc3 e5 6. Ndb5 d6 7. Bg5 a6 8.
Na3 b5 9. Nd5 Be7 10. Bxf6 Bxf6 11. c3 O-O 12. Nc2 Bg5 13. a4 bxa4 14. Rxa4 a5
15. Bc4 Rb8 16. b3 Kh8 17. Nce3 g6 18. Ra2 Ne7 19. h4 Bxh4 20. g3 Nxd5 21. Nxd5
Bf6 22. Qc1 Rg8 23. Kf1 Bg5 24. f4 exf4 25. gxf4 Bf6 26. Qe3 Be6 27. Qd3 Rc8
28. Rc2 Rg7 29. Rh6 Rc5 30. b4 Rc8 31. Ba6 Rb8 32. b5 a4 33. c4 Ba1 34. Ra2
Bxd5 35. cxd5 Qf6 36. Qf3 Qd4 37. Qf2 Qc4+ 38. Qe2 Qc1+ 39. Kg2 Qxf4 40. Rh3
Be5 41. Rxa4 f5 42. Rc4 Ra7 43. Qf3 Qg5+ 44. Rg3 Bxg3 45. Qxg3 Qe7 46. Qe3 Re8
47. Ra4 f4 0-1

[Event "20MCR_F"]
[Site "?"]
[Date "????.??.??"]
[Round "?"]
[White "Alexa, Jaroslav"]
[Black "Zahour, Jiri"]
[Result "1-0"]
[WhiteElo "2353"]
[BlackElo "2310"]
[PlyCount "91"]
[EventDate "2008.??.??"]
[EventType "corr"]
[SourceDate "2008.05.08"]

1. d4 d5 2. c4 c6 3. Nf3 Nf6 4. Nc3 e6 5. Bg5 h6 6. Bh4 dxc4 7. e4 g5 8. Bg3 b5
9. Be2 Bb7 10. h4 b4 11. hxg5 bxc3 12. bxc3 Nfd7 13. Rb1 Ba6 14. d5 cxd5 15.
exd5 Nc5 16. Be5 Rh7 17. Qc2 Nd3+ 18. Bxd3 cxd3 19. Qa4+ Qd7 20. Rxb8+ Rxb8 21.
Qxd7+ Kxd7 22. Bxb8 exd5 23. Bxa7 f6 24. gxh6 Rxh6 25. Rxh6 Bxh6 26. Be3 Bf8
27. a4 Bc4 28. Kd2 Kc6 29. g4 Be7 30. Ne1 Bb3 31. a5 Kb5 32. Nxd3 Kxa5 33. Nf4
Kb5 34. Nh5 Kc6 35. Bd4 f5 36. gxf5 Kd7 37. f6 Bf8 38. Ng7 Bd6 39. Kd3 Bd1 40.
f4 Bg4 41. Bb6 Be6 42. Nxe6 Kxe6 43. Bd4 Kf7 44. f5 Bg3 45. Kd2 Bh4 46. Kd3 1-0

[Event "20MCR_F"]
[Site "?"]
[Date "????.??.??"]
[Round "?"]
[White "Alexa, Jaroslav"]
[Black "Sykora, Josef"]
[Result "1-0"]
[WhiteElo "2353"]
[BlackElo "2352"]
[PlyCount "55"]
[EventDate "2008.??.??"]
[EventType "corr"]
[SourceDate "2008.05.08"]

1. e4 c5 2. Nf3 e6 3. d4 cxd4 4. Nxd4 a6 5. Bd3 Bc5 6. Nb3 Be7 7. Qg4 g6 8. Qe2
d6 9. O-O Nd7 10. f4 Qc7 11. Nc3 Ngf6 12. Bd2 b6 13. Rae1 Bb7 14. e5 Nd5 15.
Ne4 dxe5 16. fxe5 O-O 17. Nf2 h5 18. a3 b5 19. Bh6 Rfc8 20. Nh3 Bf8 21. Bxf8
Rxf8 22. c3 Rad8 23. Rf2 Nc5 24. Nd4 Ne7 25. Bc2 Nf5 26. Nf4 Ng7 27. Qe3 Bd5
28. Nh3 1-0